1973 1702 1373 1288 1316 1810 1113 1979 1227 1086 1527 1595 1785 1612 1525 1820 1866 1461 1668 1210 1400 1004 1729 1205 1184 1212 1827 1630 1710 1097 1301 1732 1440 1405 1942 1091 1635 1855 1079 1319 1352 1975 1340 1791 1847 1283 1806 1314 1207 1353 1334 1491 1541 1332 1407 1884 1183 1938 1463 1572 1617 1458 1871 1669 1491 1226 1467 1793 1064 1629 1776 1229 1371 1481 1896 1145 1909 1936 1375 1857 1627 1690 1801 1102 1608 1336 1244 1342 1733 1450 1877 1141 1198 1565 1682 1439 1505 1402 1612 BCNSPRNW ULIB Ver.6.0+V

เปลี่ยนเป็นภาษาไทย

Change to English
 แสดงรายละเอียดบรรณานุกรม
  กลับหน้าหลัก

Brief Record : Get Marc (ISO 2709) : E-mail record : QR code < ปิดหน้าต่าง
LEADER : 00000nam 2200000uu 4500
001    13399107948
003     ULIB
008    110210s2547||||th 000 0 tha d
020    9789746452797(ล.3)
060  4 WY150^bส627ก ล.3 2547
110 1  มหาวิทยาลัยสุโขทัยธรรมาธิราช^bสาขาวิชาพยาบาลศาสตร์
245 00 เอกสารการสอนชุดวิชา การพยาบาลผู้ใหญ่และผู้สูงอายุ หน่วยที่11-15=^bAdult and elderly nursing /^cบรรณาธิการ ศรีนวล สถิตวิทยานันท์
246 31  Adult and elderly nursing
250    พิมพ์ครั้งที่ 3
260    นนทบุรี:^bศูนย์หนังสือมหาวิทยาลัยสุโขทัยธรรมาธิราช,^c2547
300    582 หน้า
650  7 การพยาบาลผู้สูงอายุ
650  7 การพยาบาลผู้ใหญ่
700 0  ศรีนวล สถิตวิทยานันท์,^eบรรณาธิการ
710 2  มหาวิทยาลัยสุโขทัยธรรมาธิราช^bสาขาวิชาพยาบาลศาสตร์
945    ^p0^l0^i017613
945    ^p0^l0^i017612
995    ทศพร
999 ^a ใช้งานได้ทุกระบบ
รายการนี้ยังไม่มีแท็ก
คุณยังไม่ได้ล็อกอิน คุณสามารถมีกิจกรรมร่วมกับเว็บไซต์ได้ แต่ต้องล็อกอินก่อน ::
  ล็อกอิน

รายการสื่อสารสนเทศ

ลำดับที่ ประเภท เลขเรียก/บาร์โค้ด สถานที่ สถานะ
- ไม่พบข้อมูล -

รายการใกล้เคียง
    หัวเรื่อง [การพยาบาลผู้สูงอายุ]
    หัวเรื่อง [การพยาบาลผู้ใหญ่]

BibComment


ยังไม่เคยถูกคอมเมนท์

คอมเมนท์ทรัพยากรรายการนี้
  คอมเมนท์: เอกสารการสอนชุดวิ..


 Copyright 2026. Bcnsprnw @Library